000
00346nam a2200157Ia 4500
003
Ost
005
20260225132547.0
008
260225s9999||||xx |||||||||||||| ||und||
040
_c
fsic
041
_a
fre
082
_a
440
100
_a
Patrick Eveno
_e
Auteur
245
0
_a
La guerre d'Algérie /
245
0
_c
Patrick Eveno
942
_c
كتاب
999
_c
33881
_d
33881